000 00329nam a2200133Ia 4500
008 240624s9999 xx 000 0 und d
041 _aeng
082 _a174.4 MAR
100 _aMARKS JOEL
245 _aETHICS WITHOUT MORALS IN DEFENCE OF AMOR
260 _c2012
_aNew York
_bRoutledge
300 _a134 : p.
365 _cGBP
_b28
999 _c20617
_d20617